000 008040000a22002410004500
020 _a84-253-0455-5
041 0 _aSPA
082 0 4 _aG 158.1 P358p
100 1 _aPeale, Norman Vincent (1898-)
245 1 0 _aPuedes si crees que puedes / Norman Vincent Peale ; Mateo Grimalt, Traductor
250 _a6
260 _aBarcelona, España : Grijalbo
300 _a332 Pag.
500 _aTítulo original : You can if you think you can
501 _aRústico
505 0 0 _aEl principio de persistencia -- El poder del pensamiento positivo -- Cómo superar el miedo -- Cómo cultivar la salud
650 1 4 _aEXITO - ASPECTOS RELIGIOSOS - CRISTIANISMO
001 985
942 _cBK
999 _c32366
_d32366
336 _atexto
_btxt
_2rdacontent
337 _2rdamedia
_asin mediación
_bn
338 _2rdacarrier
_avolumen
_bnc